Statistics for The Opioid Epidemic in the United States

Click here to take the quiz!

General Stats

  • This quiz has been taken 6,875 times
  • The average score is 6 of 10

Answer Stats

Rate Increase State % Correct
39.1143%Ohio
78%
37.9148%Pennsylvania
63%
52.080%West Virginia
62%
33.542%Kentucky
60%
28.7176%Maine
60%
33.2202%Maryland
54%
39.0231%New Hampshire
50%
33.0200%Massachusetts
47%
30.886%Delaware
44%
30.899%Rhode Island
42%

Score Distribution

Percentile by Number Answered

Percent of People with Each Score

Your Score History

You have not taken this quiz